000 00346nam a2200157 i 4500
001 bg
100 1 _aDIETZE, Lothar
245 0 _aHeizlastberechnung /
_cL. Dietze.
250 _a2. durchges. Aufl.
260 _aBerlin,
_c1977.
040 _cBPK
041 _apol
080 _a697
942 _cKS
008 s pl f |000 0 pol
999 _c9410
_d9410
856 _uhttp://koha.tu.koszalin.pl/cgi-bin/koha/opac-detail.pl?biblionumber=9410
_yKatalog online BPK